000 00806nam a2200277Ia 4500
001 Para_4600
003 CHAP
008 220125s1938 xx 000 0 und d
010 _a203081
040 _cCHAP
090 _aPA FOLLETO 1939
100 _aMckay, M. B.
_973620
245 _aPotato diseases in Oregon and their control /
_c M. B. Mckay, T. P. Dykstra
260 _aCorvallis, Oregon :
_b State System of Higher Education
300 _a84 p.
440 _aOregon. Sta. Syst. Hig. Educ. Circular; 127
_9168675
650 7 _aPapas
_xEnfermedades
_2
_985227
700 _aDykstra, T. P.
_934813
901 _aPA FOLLETO 1939
902 _aA
905 _a0000001938 COR 0000000000 00
910 _a1938
942 _cPARA
942 _cPARA
_d1
999 _c203081
_d203081